Najgęściej zaludnione kraje A-Z - Statystyki

Ogólne statystyki
  • Ten quiz został rozwiązany 198 razy
  • Średni wynik to 11 z 24
Statystyki odpowiedzi
Gęstość
zaludnienia
Państwo % Poprawnych
C 134 Chiny
74%
O 14 Oman
73%
Ł 36 Łotwa
71%
I 355 Indie
70%
M 18 713 Monako
68%
V 16 Vanuatu
63%
W 1 818 Watykan
58%
J 337 Japonia
57%
H 395 Holandia
52%
F 282 Filipiny
49%
Z 30 Zjednoczone Emiraty Arabskie
49%
U 109 Uganda
43%
P 187 Pakistan
41%
S 7 697 Singapur
41%
E 75 Egipt
33%
R 297 Rwanda
33%
B 2 375 Bahrajn
30%
D 179 Dominikana
30%
K 490 Korea Południowa
30%
N 599 Nauru
28%
L 358 Liban
25%
A 154 Antigua i Barbuda
24%
T 628 Tajwan
24%
G 263 Grenada
18%
Nie znaleziono quizów pasujących do podanych kryteriów
Rozkład punktacji
Procent ludzi z każdym wynikiem
Percentyl według liczby udzielonych odpowiedzi
Twoja historia wyników
Nie rozwiązałeś tego quizu